Reglamento orgánico del Instituto nacional del profesorado secundario. (Record no. 19778)
[ view plain ]
| 000 -LEADER | |
|---|---|
| fixed length control field | 00980cam a22002531 4500 |
| 001 - CONTROL NUMBER | |
| control field | e 15000299 |
| 003 - CONTROL NUMBER IDENTIFIER | |
| control field | DLC |
| 005 - DATE AND TIME OF LATEST TRANSACTION | |
| control field | 20260227111203.0 |
| 008 - FIXED-LENGTH DATA ELEMENTS--GENERAL INFORMATION | |
| fixed length control field | 840906s1913 ag l000 0 spa c |
| 010 ## - LIBRARY OF CONGRESS CONTROL NUMBER | |
| LC control number | e 15000299 |
| 035 ## - SYSTEM CONTROL NUMBER | |
| System control number | (OCoLC)11126724 |
| 040 ## - CATALOGING SOURCE | |
| Original cataloging agency | Library, U.S. Bur. of Education |
| Transcribing agency | DNIE |
| Modifying agency | DLC |
| 042 ## - AUTHENTICATION CODE | |
| Authentication code | premarc |
| 043 ## - GEOGRAPHIC AREA CODE | |
| Geographic area code | s-ag--- |
| 050 00 - LIBRARY OF CONGRESS CALL NUMBER | |
| Classification number | LB2038 |
| Item number | .B78 |
| 110 1# - MAIN ENTRY--CORPORATE NAME | |
| Corporate name or jurisdiction name as entry element | Buenos Aires (Argentina). |
| Subordinate unit | Instituto Nacional del Profesorado Secundario. |
| 245 00 - TITLE STATEMENT | |
| Title | Reglamento orgánico del Instituto nacional del profesorado secundario. |
| Remainder of title | Decreto de fecha 11 de febrero de 1913. |
| 260 ## - PUBLICATION, DISTRIBUTION, ETC. | |
| Place of publication, distribution, etc. | Buenos Aires, |
| Name of publisher, distributor, etc. | Talleres gráficos de la Penitenciaría nacional, |
| Date of publication, distribution, etc. | 1913. |
| 300 ## - PHYSICAL DESCRIPTION | |
| Extent | 24 p. |
| Dimensions | 21 cm. |
| 500 ## - GENERAL NOTE | |
| General note | At head of title: Ministerio de justicia é instrucción pública. |
| 650 #0 - SUBJECT ADDED ENTRY--TOPICAL TERM | |
| Topical term or geographic name entry element | Educational law and legislation |
| Geographic subdivision | Argentina. |
| 710 1# - ADDED ENTRY--CORPORATE NAME | |
| Corporate name or jurisdiction name as entry element | Argentina. |
| Title of a work | Laws, statutes, etc. |
| 710 1# - ADDED ENTRY--CORPORATE NAME | |
| Corporate name or jurisdiction name as entry element | Argentina. |
| Subordinate unit | Ministerio de Justicia e Instrucción Pública. |
No items available.